|
|
|
|
| LEADER |
00000cam a2200000 4500 |
| 001 |
vtls011922436 |
| 003 |
SK-MaSNL |
| 005 |
20260301225446.0 |
| 008 |
210624s2020 xo a brnp 000 0 slo |
| 015 |
|
|
|a SNBA2020/11
|
| 020 |
|
|
|a 9788081207525
|q (brožované)
|
| 035 |
|
|
|a urn:nbn:sk:snk-am00enrp
|
| 035 |
|
|
|a urn:nbn:sk:snk-am3il07
|
| 035 |
|
|
|a 052C0A83-D3D0-4B7B-A5F1-1702B8DF8451
|
| 040 |
|
|
|a SNK
|b slo
|c SNK
|e rda
|
| 041 |
0 |
|
|a slo
|
| 044 |
|
|
|a xo
|c SK
|
| 072 |
|
7 |
|a 373.2/.3
|x Predškolská a primárna výchova a vzdelávanie
|2 konspekt
|
| 072 |
|
7 |
|a 82
|x Literatúra. Literárny život
|2 konspekt
|
| 080 |
|
|
|a 37.016:028-028.31
|2 2011
|
| 080 |
|
|
|a (075.2)
|2 2011
|
| 080 |
|
|
|a (076.1)
|2 2011
|
| 080 |
|
|
|a 37.016:82
|2 2011
|
| 100 |
1 |
|
|a Kovárová, Dana
|4 aut
|9 69623
|
| 245 |
1 |
0 |
|a Mimočítankové čítanie
|b pracovný zošit pre 3. ročník
|c Dana Kovárová, Alena Kurtulíková
|
| 246 |
3 |
0 |
|a Mimočítankové čítanie
|b pracovný zošit pre tretí ročník
|
| 264 |
|
1 |
|a Bratislava
|b Orbis Pictus Istropolitana
|c 2020
|
| 300 |
|
|
|a 47 strán
|b farebné ilustrácie
|c 24 cm
|
| 336 |
|
|
|a text
|b txt
|2 rdacontent
|
| 337 |
|
|
|a bez média
|b n
|2 rdamedia
|
| 338 |
|
|
|a zväzok
|b nc
|2 rdacarrier
|
| 504 |
|
|
|a Obsahuje bibliografiu
|
| 650 |
0 |
7 |
|a čítanie
|2 SNKPH
|9 1654
|
| 650 |
0 |
7 |
|a Reading
|2 SNKPHeng
|9 276976
|
| 650 |
0 |
7 |
|a literárna výchova
|2 SNKPH
|9 1653
|
| 650 |
0 |
7 |
|a Literary education
|2 SNKPHeng
|9 274096
|
| 655 |
|
7 |
|a učebnice základných škôl
|2 SNKPH
|9 70187
|
| 655 |
|
7 |
|a pracovné zošity
|2 SNKPH
|9 70188
|
| 655 |
|
7 |
|a Textbooks (elementary)
|2 SNKPHeng
|9 276977
|
| 655 |
|
7 |
|a Activity books
|2 SNKPHeng
|9 302885
|
| 700 |
1 |
|
|a Kurtulíková, Alena
|4 aut
|9 69624
|
| 700 |
1 |
|
|a Gajová, Anna,
|d 1964-
|4 ill
|9 107295
|
| 919 |
|
|
|a 978-80-8120-752-5
|
| 958 |
|
|
|a NB
|
| 999 |
|
|
|c 950921
|d 952851
|
| 952 |
|
|
|a SNK
|b SNK
|y PREZ
|7 0
|p 17A1425909
|o snkSC 188704
|i snk2020/8811
|8 0
|0 0
|1 0
|4 0
|d 2020-05-28
|f 1
|l 0
|r 2025-10-06 00:00:00
|w 2026-02-24
|
| 952 |
|
|
|a SNK
|b SNK
|y VYP
|7 0
|p 17A1425910
|o snkSC 188704 D1
|i snk2020/8812
|8 0
|0 0
|1 0
|4 0
|d 2020-05-28
|l 0
|r 2026-02-24 09:47:48
|w 2026-02-24
|